000 01268ngm a22003610a 4500
001 PT13512
003 AR-LpoUNG
005 20210202000257.0
007 vd cvaizq
008 191001ss.f.||||ag |||||||||||||||||spa d
037 _c$5
040 _aAR-LpoUNG
_bspa
_cAR-LpoUNG
_eaacr
041 _aspa
044 _aag
082 0 _a982.064 534gue
100 1 _aLejtman, Roman
_edir.
245 1 3 _aLa guerra de Malvinas :
_bveinte años
260 _a[Buenos Aires] :
_bPágina 12,
_cs.f..
300 _aVHS : son., col., Pal
520 _aEste documental describe cronológicamente cómo se llegó al conflicto del Atlántico Sur, las negociaciones secretas de la Casa Blanca y el Vaticano para evitar una guerra, la negligencia de las Fuerzas Armadas para enfrentar a las tropas inglesas, el sacrificio de los soldados argentinos y el desenlace de la dictadura, con el triunfo de Raúl Alfonsín en las elecciones de 1983.
650 4 _aARGENTINA
650 4 _aCONFLICTOS
650 4 _aCRIMENES DE GUERRA
650 4 _aFUERZAS ARMADAS
650 4 _aINGLATERRA
650 4 _aPOLITICA INTERNACIONAL
650 4 _aSOBERANIA
653 _aDOCUMENTALES
653 _aMALVINAS ARGENTINAS
653 _aVIDEOS
905 _a13512
942 _cVIDEO
999 _c54510
_d54510